| 000 | 00685nam a2200229 a 4500 | ||
|---|---|---|---|
| 008 | |||
| 020 | _a0521288029 (pbk.) | ||
| 049 | _aMAIN | ||
| 090 | _aQA276CLE | ||
| 100 | 1 | _aClegg, Frances. | |
| 245 | 1 | 0 |
_aSimple statistics : _ba course book for the social sciences / _cFrances Clegg. |
| 260 |
_aCambridge : _bCambridge University Press, _c1990. |
||
| 300 |
_aviii, 200 p. : _bill. ; _c24 cm. |
||
| 500 | _aIncludes index. | ||
| 650 | 0 |
_aSocial sciences _xStatistical methods. |
|
| 650 | 0 | _aStatistics. | |
| 907 |
_a.b10124743 _b02-09-05 _c03-06-04 |
||
| 003 | |||
| 005 | 20230123133837.0 | ||
| 040 | _cNUST | ||
| 942 |
_cBOOKS _kQA276CLE |
||
| 999 |
_c155583 _d155583 |
||